| 000 | 00833nam a2200205Ia 4500 | ||
|---|---|---|---|
| 008 | 130821s2006 ck gr spa | ||
| 020 | _a9586534707 | ||
| 040 |
_aCo-BoUCM _bspa _cJavier Garzón (modificó) |
||
| 041 | 0 | 0 | _aspa |
| 110 | 1 |
_aInstituto Colombiano de Derecho Tributario. ICDT _933648 |
|
| 245 | 1 | 0 |
_aEstudios de derecho internacional tributario los convenios de doble imposición _cInstituto Colombiano de Derecho Tributario ; coordinador Académicio Juan Pablo Godoy F |
| 260 |
_aBogotá (Colombia) _bICDT, Legis _c2006 |
||
| 300 | _axxvi, 739 páginas | ||
| 650 | 0 | 7 |
_aDerecho internacional _912776 |
| 650 | 0 | 7 |
_aDerecho tributario _912836 |
| 690 |
_aDerecho internacional _912776 |
||
| 700 | 1 |
_aGodoy, Juan Pablo _933649 |
|
| 942 |
_cLIBRO _a8 _e1 _mI597e _2DEWEY _h341.751 |
||
| 999 |
_c49196 _d49196 |
||